[Event "BL 8990 Delmenhorst-Regensburg"]
[Site "?"]
[Date "1990.??.??"]
[Round "?.1"]
[White "Meduna, E."]
[Black "Armas, I."]
[Result "1-0"]
[WhiteElo "2475"]
[BlackElo "2480"]
[PlyCount "55"]
[EventDate "1990.??.??"]

1. d4 Nf6 2. Nf3 c5 3. c3 cxd4 4. cxd4 g6 5. Nc3 d5 6. Bf4 Bg7 7. e3 O-O 8. Be2
Nc6 9. O-O Nh5 10. Be5 f6 11. Bg3 Nxg3 12. hxg3 Be6 13. Qd2 Bf7 14. Rfd1 Qb6
15. Rac1 Rac8 16. a3 Qa5 17. Ne1 e5 18. b4 Qd8 19. dxe5 fxe5 20. Bg4 d4 21.
Bxc8 Qxc8 22. Ne4 Bb3 23. b5 Bxd1 24. Qxd1 Qf5 25. bxc6 Qxe4 26. Qb3+ Kh8 27.
cxb7 dxe3 28. f3 1-0

[Event "BL 8990 Delmenhorst-Regensburg"]
[Site "?"]
[Date "1990.??.??"]
[Round "?.2"]
[White "Hausner, I."]
[Black "Gross, S."]
[Result "1/2-1/2"]
[WhiteElo "2440"]
[BlackElo "2435"]
[PlyCount "26"]
[EventDate "1990.??.??"]

1. d4 Nf6 2. c4 g6 3. Nc3 d5 4. cxd5 Nxd5 5. g3 Bg7 6. Bg2 Nxc3 7. bxc3 c5 8.
e3 O-O 9. Ne2 Nc6 10. O-O Qc7 11. Ba3 cxd4 12. cxd4 Rd8 13. Rc1 Qa5 1/2-1/2

[Event "BL 8990 Delmenhorst-Regensburg"]
[Site "?"]
[Date "1990.??.??"]
[Round "?.5"]
[White "Jell, K."]
[Black "Schlemermeyer, W."]
[Result "1/2-1/2"]
[WhiteElo "2240"]
[BlackElo "2385"]
[PlyCount "37"]
[EventDate "1990.??.??"]

1. e4 d6 2. d4 Nf6 3. Nc3 g6 4. Bc4 Bg7 5. Qe2 Nc6 6. e5 Nd7 7. Nf3 Nb6 8. Bb5
O-O 9. Bxc6 bxc6 10. Bf4 Qd7 11. O-O a5 12. Rfe1 Nd5 13. Nxd5 cxd5 14. h3 Re8
15. a4 Qc6 16. Rec1 Ba6 17. Qe1 Reb8 18. b3 Qb6 19. Rab1 1/2-1/2

[Event "BL 8990 Delmenhorst-Regensburg"]
[Site "?"]
[Date "1990.??.??"]
[Round "?.6"]
[White "Wesseln, K."]
[Black "Schmid, G."]
[Result "1/2-1/2"]
[WhiteElo "2315"]
[BlackElo "2315"]
[PlyCount "135"]
[EventDate "1990.??.??"]

1. d4 Nf6 2. Nf3 g6 3. Bf4 Bg7 4. e3 O-O 5. h3 d6 6. Be2 Nc6 7. O-O Nd7 8. c3
e5 9. Bh2 f5 10. Nbd2 g5 11. Qc2 h5 12. h4 gxh4 13. Bc4+ Kh8 14. Qd1 Qf6 15. g3
h3 16. Nh4 Qh6 17. e4 exd4 18. f4 Nc5 19. exf5 Bxf5 20. Ndf3 d5 21. Bxd5 Rad8
22. Nxf5 Rxf5 23. c4 Ne7 24. Nh4 Rff8 25. b4 Nxd5 26. cxd5 Ne4 27. Qd3 Rfe8 28.
Rae1 Nd6 29. Ng6+ Kg8 30. Re6 Rxe6 31. dxe6 h4 32. g4 Bf6 33. g5 Bxg5 34. Kh1
Bf6 35. Rg1 Qh5 36. f5 Kh7 37. Bxd6 cxd6 38. Nf4 Qh6 39. Nd5 h2 40. Kxh2 Rc8
41. Kh3 Rg8 42. Rxg8 Kxg8 43. e7 Kf7 44. Qe4 Be5 45. f6 Qh8 46. Qf5 Bxf6 47.
Nxf6 Kxe7 48. Qe4+ Kf7 49. Qd5+ Kg6 50. Ng4 Qf8 51. Qxd4 Kg5 52. Qe3+ Qf4 53.
Qe7+ Kf5 54. Qf6+ Ke4 55. Qe6+ Kf3 56. Qb3+ Ke4 57. Kxh4 d5 58. Qc2+ Kd4 59.
Qc5+ Ke4 60. Qc2+ Kd4 61. b5 Qe4 62. Qa4+ Kc3 63. Qa3+ Kc4 64. Qb3+ Kc5 65. a4
d4 66. Qd1 Kb4 67. Kg3 d3 68. Nf2 1/2-1/2

[Event "BL 8990 Delmenhorst-Regensburg"]
[Site "?"]
[Date "1990.??.??"]
[Round "?.7"]
[White "Muehl, T."]
[Black "Breutigam, M."]
[Result "0-1"]
[WhiteElo "2280"]
[BlackElo "2320"]
[PlyCount "66"]
[EventDate "1990.??.??"]

1. d4 d6 2. g3 e5 3. dxe5 dxe5 4. Qxd8+ Kxd8 5. Bg2 c6 6. Nd2 Be6 7. Ngf3 f6 8.
Nb3 Nd7 9. Bd2 Ne7 10. e4 Kc7 11. O-O Nc8 12. Rfe1 Nd6 13. Bc3 b6 14. Bf1 a5
15. Nbd2 b5 16. b3 a4 17. Nh4 g5 18. Ng2 g4 19. f4 Nb7 20. Be2 h5 21. b4 a3 22.
Nh4 Rg8 23. f5 Bf7 24. Nb3 Ra4 25. Bf1 Bxb4 26. Bxb4 Rxb4 27. c3 Ra4 28. Nd2
Nd6 29. Re3 Nc5 30. Bg2 Nc4 31. Nxc4 Bxc4 32. Bf1 Rd8 33. Bxc4 Rxc4 0-1

[Event "BL 8990 Delmenhorst-Regensburg"]
[Site "?"]
[Date "1990.??.??"]
[Round "?.8"]
[White "Ditt, E."]
[Black "Blodig, R."]
[Result "1/2-1/2"]
[WhiteElo "2310"]
[BlackElo "2225"]
[PlyCount "40"]
[EventDate "1990.??.??"]

1. c4 e5 2. Nc3 Nf6 3. g3 Bb4 4. Bg2 O-O 5. Nf3 Nc6 6. O-O e4 7. Ne1 Bxc3 8.
dxc3 h6 9. Nc2 b6 10. Ne3 Bb7 11. a4 d6 12. b3 Re8 13. Ra2 Ne5 14. f4 exf3 15.
exf3 Ng6 16. Re1 Qe7 17. Ree2 Qf8 18. Qd4 Nd7 19. b4 Nge5 20. Kf2 a5 1/2-1/2

[Event "BL 8990 HSK-Bamberg"]
[Site "?"]
[Date "1990.??.??"]
[Round "?.1"]
[White "Unzicker, W."]
[Black "Wahls, M."]
[Result "0-1"]
[WhiteElo "2475"]
[BlackElo "2535"]
[PlyCount "102"]
[EventDate "1990.??.??"]

1. e4 e5 2. Nf3 Nc6 3. Bb5 a6 4. Ba4 Nf6 5. O-O Be7 6. Re1 b5 7. Bb3 O-O 8. c3
d5 9. exd5 Nxd5 10. Nxe5 Nxe5 11. Rxe5 c6 12. d4 Bd6 13. Re1 Qh4 14. g3 Qh3 15.
Be3 Bg4 16. Qd3 Rae8 17. Nd2 Re6 18. a4 f5 19. Qf1 Qh5 20. f4 bxa4 21. Rxa4
Rfe8 22. Rxa6 Kh8 23. Bxd5 cxd5 24. Qb5 Rh6 25. Nf1 Bf3 26. Bc1 Rf8 27. Re3 Be4
28. Qe2 Qxe2 29. Rxe2 Bd3 30. Rxd6 Rxd6 31. Re3 Be4 32. Nd2 Ra8 33. Kf2 Rh6 34.
h4 Rb6 35. Re1 Kg8 36. Ke3 Kf7 37. Nf3 Bxf3 38. Kxf3 Ra1 39. Kf2 Kg6 40. b4 Rc6
41. Bd2 Rxe1 42. Bxe1 Kf7 43. Ke3 Re6+ 44. Kd2 Ke7 45. Bf2 Ra6 46. Kd3 Kd6 47.
Be1 Ra1 48. Bf2 Kc6 49. Be3 Kb5 50. Bf2 Ka4 51. Be3 Kb3 0-1

[Event "BL 8990 HSK-Bamberg"]
[Site "?"]
[Date "1990.??.??"]
[Round "?.3"]
[White "Kurz, A."]
[Black "Maus, So"]
[Result "0-1"]
[WhiteElo "2285"]
[BlackElo "2395"]
[PlyCount "100"]
[EventDate "1990.??.??"]

1. d4 Nf6 2. c4 c5 3. d5 e6 4. Nc3 exd5 5. cxd5 d6 6. e4 g6 7. f4 Bg7 8. Bb5+
Nfd7 9. Nf3 O-O 10. O-O a6 11. Bd3 b5 12. a3 Re8 13. Kh1 Bb7 14. Qe1 b4 15.
axb4 cxb4 16. Na4 a5 17. Qf2 Ba6 18. Bxa6 Nxa6 19. f5 Nac5 20. Nxc5 Nxc5 21.
Ng5 Nxe4 22. Nxe4 Rxe4 23. fxg6 fxg6 24. Qf7+ Kh8 25. Qb7 Qc8 26. Qxc8+ Rxc8
27. Rxa5 Rf8 28. Rd1 Rfe8 29. Bd2 Bxb2 30. g3 Kg8 31. Rb5 Bc3 32. Bf4 Rd8 33.
Rb6 Be5 34. Bxe5 dxe5 35. Kg2 Rc4 36. Kf3 Kg7 37. Re6 Rd4 38. Rxd4 exd4 39. Rb6
Rxd5 40. Rxb4 d3 41. Rb1 Kf6 42. Rd1 d2 43. Kf4 h5 44. Ke4 Rd6 45. Kf4 Rd8 46.
Ke4 Kg5 47. Kf3 Kf5 48. Ke3 Kg4 49. Kf2 Kh3 50. Kg1 Rd7 0-1

[Event "BL 8990 HSK-Bamberg"]
[Site "?"]
[Date "1990.??.??"]
[Round "?.5"]
[White "Kestler, H."]
[Black "Wegner, H."]
[Result "1/2-1/2"]
[WhiteElo "2355"]
[BlackElo "2365"]
[PlyCount "46"]
[EventDate "1990.??.??"]

1. d4 d5 2. c4 dxc4 3. Nf3 a6 4. e3 Nf6 5. Bxc4 e6 6. O-O c5 7. dxc5 Qxd1 8.
Rxd1 Bxc5 9. a3 b5 10. Be2 Ke7 11. b4 Bd6 12. Bb2 Nbd7 13. Nbd2 Bb7 14. Nb3
Rac8 15. Na5 Bd5 16. Rac1 e5 17. h3 h6 18. Nh2 Ke6 19. Nf1 Nb6 20. Nd2 Rxc1 21.
Rxc1 Rc8 22. Rxc8 Nxc8 23. f3 Bc7 1/2-1/2

[Event "BL 8990 Regensburg-HSK"]
[Site "?"]
[Date "1990.??.??"]
[Round "?.1"]
[White "Wahls, M."]
[Black "Meduna, E."]
[Result "1/2-1/2"]
[WhiteElo "2535"]
[BlackElo "2475"]
[PlyCount "47"]
[EventDate "1990.??.??"]

1. e4 c6 2. d4 d5 3. exd5 cxd5 4. c4 Nf6 5. Nc3 e6 6. Nf3 Be7 7. cxd5 Nxd5 8.
Bd3 Nc6 9. O-O O-O 10. Re1 Bf6 11. Be4 Qd6 12. Qd3 h6 13. Nb5 Qd8 14. a3 b6 15.
Nc3 Nde7 16. Bf4 Bb7 17. Rad1 Rc8 18. Qb5 Na5 19. Bxb7 Nxb7 20. Qa6 Na5 21. Nb5
Nd5 22. Bg3 Qd7 23. Bd6 Rfd8 24. Bg3 1/2-1/2

[Event "BL 8990 Regensburg-HSK"]
[Site "?"]
[Date "1990.??.??"]
[Round "?.2"]
[White "Gross, S."]
[Black "Schussler, H."]
[Result "0-1"]
[WhiteElo "2435"]
[BlackElo "2540"]
[PlyCount "64"]
[EventDate "1990.??.??"]

1. Nf3 c5 2. e4 d6 3. c3 Nf6 4. h3 g6 5. Bd3 Nc6 6. Bc2 Bd7 7. O-O Rc8 8. Qe2
Bg7 9. d3 O-O 10. Be3 Qb6 11. b4 Qa6 12. e5 Nd5 13. bxc5 Nxe5 14. Nxe5 Bxe5 15.
Bh6 Rfe8 16. Bb3 Nxc3 17. Nxc3 Bxc3 18. Rac1 Bf6 19. Bc4 Qa3 20. cxd6 Qxd6 21.
Rfe1 b5 22. Bb3 a5 23. Qf3 Bc6 24. Qg4 Bb7 25. Rb1 Bd5 26. h4 Bxb3 27. Rxb3 b4
28. Qe4 Red8 29. Rd1 Qd4 30. Qb7 Qxh4 31. Be3 Qg4 32. Bb6 Qxd1+ 0-1

[Event "BL 8990 Regensburg-HSK"]
[Site "?"]
[Date "1990.??.??"]
[Round "?.3"]
[White "Maus, So"]
[Black "Mandl, Ro"]
[Result "1-0"]
[WhiteElo "2395"]
[BlackElo "2285"]
[PlyCount "57"]
[EventDate "1990.??.??"]

1. c4 c5 2. g3 g6 3. Bg2 Bg7 4. Nc3 Nc6 5. e3 e5 6. Nge2 Nge7 7. O-O O-O 8. b3
d6 9. Bb2 Be6 10. Ne4 h6 11. f4 f5 12. Nf2 d5 13. fxe5 Nxe5 14. Nf4 Bf7 15.
cxd5 Nxd5 16. Bxd5 Bxd5 17. Bxe5 Bxe5 18. Nxg6 Bxa1 19. Nxf8 Qd6 20. Qxa1 Rxf8
21. Qc3 b6 22. Nh3 Bb7 23. Nf4 Rf7 24. Kf2 Rd7 25. Ke1 Kh7 26. Nh5 Kg6 27. g4
Be4 28. Ng3 Rf7 29. gxf5+ 1-0

[Event "BL 8990 Regensburg-HSK"]
[Site "?"]
[Date "1990.??.??"]
[Round "?.4"]
[White "Rother, C."]
[Black "Wegner, H."]
[Result "0-1"]
[WhiteElo "2360"]
[BlackElo "2365"]
[PlyCount "66"]
[EventDate "1990.??.??"]

1. Nc3 e5 2. Nf3 Nc6 3. d4 exd4 4. Nxd4 Nf6 5. Bg5 Bb4 6. a3 Bxc3+ 7. bxc3 h6
8. Bc1 O-O 9. g3 Na5 10. Bg2 Rb8 11. O-O b6 12. Qd3 Bb7 13. f3 Re8 14. Nf5 d5
15. Bh3 Nc4 16. Re1 Nd6 17. Nxd6 Qxd6 18. Bf4 Qe7 19. g4 Nd7 20. Qf5 Nf8 21.
Qd3 Rbd8 22. Bf1 Ng6 23. Bg3 Ne5 24. Qb5 Nc4 25. e3 a6 26. Qb4 c5 27. Qb1 Qf6
28. Bc7 Rc8 29. Bf4 g5 30. Bg3 Nd2 31. Qd1 Nxf3+ 32. Kh1 Nxe1 33. Qxe1 Rxe3 0-1

[Event "BL 8990 Regensburg-HSK"]
[Site "?"]
[Date "1990.??.??"]
[Round "?.5"]
[White "Michaelsen, N."]
[Black "Jell, K."]
[Result "1-0"]
[WhiteElo "2345"]
[BlackElo "2240"]
[PlyCount "87"]
[EventDate "1990.??.??"]

1. d4 Nf6 2. c4 g6 3. Nc3 Bg7 4. e4 d6 5. f4 O-O 6. Nf3 c5 7. d5 a6 8. a4 e6 9.
Be2 exd5 10. cxd5 Re8 11. Nd2 Qa5 12. O-O b5 13. e5 dxe5 14. fxe5 Rxe5 15. axb5
Qd8 16. Nc4 Re8 17. Bf3 Nbd7 18. Nd6 Rf8 19. Bf4 Nb6 20. Qe2 axb5 21. Rxa8 Nxa8
22. Qxb5 Nd7 23. Nxc8 Qxc8 24. d6 Nab6 25. Kh1 h6 26. h3 Qb8 27. Bc6 Rd8 28.
Re1 Bf8 29. Ne4 c4 30. Rd1 Bg7 31. Bh2 Kh7 32. Nc3 Kg8 33. Re1 Bf8 34. Rd1 Bg7
35. Bg3 Kh7 36. Bh4 Bf6 37. Bg3 Bg7 38. Ne4 Kg8 39. Bh4 g5 40. Bg3 Kf8 41. Rf1
Kg8 42. Qf5 Bxb2 43. Qxf7+ Kh8 44. Qg6 1-0

[Event "BL 8990 Regensburg-HSK"]
[Site "?"]
[Date "1990.??.??"]
[Round "?.6"]
[White "Schmid, G."]
[Black "Mueller, Ka"]
[Result "1/2-1/2"]
[WhiteElo "2315"]
[BlackElo "2365"]
[PlyCount "34"]
[EventDate "1990.??.??"]

1. e4 e6 2. d4 d5 3. Nc3 Nf6 4. exd5 exd5 5. Nf3 c6 6. Ne5 Nbd7 7. Bd3 Bd6 8.
O-O O-O 9. Bf4 Qc7 10. Nxd7 Bxd7 11. Bg3 Rfe8 12. Qd2 Re7 13. Rae1 Rae8 14.
Rxe7 Rxe7 15. Nd1 Nh5 16. Bxd6 Qxd6 17. Re1 Rxe1+ 1/2-1/2

[Event "BL 8990 Regensburg-HSK"]
[Site "?"]
[Date "1990.??.??"]
[Round "?.7"]
[White "Sievers, S."]
[Black "Muehl, T."]
[Result "1/2-1/2"]
[WhiteElo "2255"]
[BlackElo "2280"]
[PlyCount "69"]
[EventDate "1990.??.??"]

1. e4 e6 2. d4 d5 3. Nc3 Bb4 4. e5 c5 5. a3 Bxc3+ 6. bxc3 Ne7 7. Qg4 Qc7 8.
Qxg7 Rg8 9. Qxh7 cxd4 10. Ne2 Nbc6 11. f4 dxc3 12. Qd3 d4 13. Ng3 Nf5 14. Ne4
Bd7 15. g4 Nxe5 16. Nf6+ Kf8 17. Nxd7+ Nxd7 18. gxf5 Qc6 19. Qxd4 Qxh1 20. Qxd7
Rg1 21. Qd3 exf5 22. Be3 Re8 23. O-O-O Rxe3 24. Qxe3 Rxf1 25. Qc5+ Kg8 26. Qc8+
Kg7 27. Qxc3+ Kg8 28. Qg3+ Kf8 29. Rxf1 Qxf1+ 30. Kb2 Qc4 31. Qe3 a6 32. Qe5
Qe4 33. Qd6+ Kg7 34. h4 Qf3 35. Qe5+ 1/2-1/2

[Event "BL 8990 Bamberg-Delmenhorst"]
[Site "?"]
[Date "1990.??.??"]
[Round "?.2"]
[White "Pfleger, He"]
[Black "Hausner, I."]
[Result "1/2-1/2"]
[WhiteElo "2505"]
[BlackElo "2440"]
[PlyCount "41"]
[EventDate "1990.??.??"]

1. c4 g6 2. g3 Bg7 3. Bg2 Nf6 4. Nf3 O-O 5. O-O d6 6. Nc3 e5 7. d3 Re8 8. e4
Nc6 9. h3 Nd7 10. Be3 Nd4 11. Bxd4 exd4 12. Ne2 Nf8 13. Qd2 Ne6 14. Nh2 Nc5 15.
Rae1 a5 16. Nf3 Ne6 17. h4 c6 18. Ng5 Qb6 19. Kh2 Qb4 20. Qc2 Nc5 21. Nf3
1/2-1/2

[Event "BL 8990 Bamberg-Delmenhorst"]
[Site "?"]
[Date "1990.??.??"]
[Round "?.3"]
[White "Hermann, Man"]
[Black "Meister, P."]
[Result "1/2-1/2"]
[WhiteElo "2360"]
[BlackElo "2425"]
[PlyCount "82"]
[EventDate "1990.??.??"]

1. e4 e6 2. d4 d5 3. Nc3 Nf6 4. Bg5 dxe4 5. Nxe4 Be7 6. Bxf6 gxf6 7. Nf3 b6 8.
Bb5+ c6 9. Bd3 Bb7 10. Qe2 Qc7 11. O-O-O Nd7 12. Kb1 O-O-O 13. Ba6 Rhg8 14.
Bxb7+ Kxb7 15. c4 Kb8 16. d5 Nc5 17. dxe6 fxe6 18. Nxc5 Bxc5 19. Qxe6 Rxg2 20.
Rhg1 Rxg1 21. Rxg1 Bxf2 22. Rg2 Bc5 23. Qxf6 Rf8 24. Qc3 Qf7 25. Nd2 Rd8 26.
Qe5+ Bd6 27. Qe4 Re8 28. Qf3 Re1+ 29. Kc2 Qe6 30. Qd3 Bc7 31. Qxh7 Qd6 32. Rg8+
Kb7 33. Qf5 Qe6 34. Qxe6 Rxe6 35. h4 Re2 36. Rg4 Rh2 37. b4 Bd8 38. b5 Bxh4 39.
Rg7+ Kc8 40. Kd3 Rh3+ 41. Kc2 Rh2 1/2-1/2

[Event "BL 8990 Bamberg-Delmenhorst"]
[Site "?"]
[Date "1990.??.??"]
[Round "?.4"]
[White "Kurz, A."]
[Black "Borik, O."]
[Result "1/2-1/2"]
[WhiteElo "2285"]
[BlackElo "2355"]
[PlyCount "124"]
[EventDate "1990.??.??"]

1. d4 Nf6 2. c4 g6 3. Nc3 Bg7 4. e4 d6 5. Nf3 O-O 6. Be2 e5 7. O-O exd4 8. Nxd4
Re8 9. f3 c6 10. Kh1 Nbd7 11. Bg5 Qa5 12. Be3 Ne5 13. Qd2 Be6 14. Nxe6 Rxe6 15.
Rfd1 a6 16. b4 Qc7 17. Rac1 Qe7 18. a4 Qe8 19. f4 Ned7 20. Bf3 Bf8 21. Bf2 Bh6
22. Be3 Bf8 23. Re1 Rc8 24. f5 Re5 25. Bf4 a5 26. Bxe5 Nxe5 27. bxa5 Nxc4 28.
Qd4 Ne5 29. Be2 Ra8 30. Rb1 Qc8 31. fxg6 hxg6 32. Rf1 Nfd7 33. Nd1 Rxa5 34. Ne3
Nc5 35. Rb4 Ne6 36. Qb6 Qa8 37. Nc4 Nxc4 38. Bxc4 d5 39. exd5 cxd5 40. Qf2 Ng5
41. Rb5 Rxb5 42. Bxb5 Qc8 43. h4 Bc5 44. Qf4 Ne4 45. Qxf7+ Kh8 46. Rf3 Bd6 47.
Qe8+ Qxe8 48. Bxe8 Kg7 49. Rf7+ Kh6 50. Rxb7 Kh5 51. Rg7 Kxh4 52. Rxg6 Ng3+ 53.
Kh2 Be5 54. Bd7 Ne2+ 55. g3+ Bxg3+ 56. Rxg3 Nxg3 57. a5 Nf1+ 58. Kg2 Ne3+ 59.
Kf3 Nc4 60. a6 Ne5+ 61. Ke3 Nxd7 62. Kd4 Nb8 1/2-1/2

[Event "BL 8990 Bamberg-Delmenhorst"]
[Site "?"]
[Date "1990.??.??"]
[Round "?.6"]
[White "Kestler, H."]
[Black "Wesseln, K."]
[Result "1/2-1/2"]
[WhiteElo "2355"]
[BlackElo "2315"]
[PlyCount "100"]
[EventDate "1990.??.??"]

1. d4 f5 2. c4 Nf6 3. Nc3 g6 4. Nf3 Bg7 5. g3 O-O 6. Bg2 d6 7. O-O Nc6 8. b3
Ne4 9. Bb2 e5 10. dxe5 Nxc3 11. Bxc3 dxe5 12. Qd5+ Kh8 13. Qxd8 Rxd8 14. Ng5
Rf8 15. Bxc6 bxc6 16. Rad1 h6 17. Nf3 Re8 18. Ba5 f4 19. Kg2 e4 20. Nd4 c5 21.
Nb5 f3+ 22. exf3 exf3+ 23. Kg1 Bh3 24. Nxc7 Bxf1 25. Rxf1 Rac8 26. Nxe8 Rxe8
27. Re1 Rxe1+ 28. Bxe1 Bd4 29. b4 cxb4 30. Bxb4 Kg7 31. Bd2 h5 32. h3 Kf6 33.
Be3 Ke5 34. c5 Bc3 35. c6 Kd6 36. Bxa7 Kxc6 37. g4 Kb5 38. Bb8 Bd4 39. Kf1 Bc3
40. gxh5 gxh5 41. Bd6 Ka4 42. Be7 Ba5 43. Bd6 Bc3 44. Kg1 Bd4 45. a3 Kb3 46.
Bb4 Kc4 47. Kf1 Kb3 48. Ke1 Bb6 49. Bd6 Bd4 50. Bg3 Kc2 1/2-1/2

[Event "BL 8990 Dortmund-München 36"]
[Site "?"]
[Date "1990.??.??"]
[Round "?.1"]
[White "Smejkal, J."]
[Black "Schmittdiel, E."]
[Result "1-0"]
[WhiteElo "2545"]
[BlackElo "2435"]
[PlyCount "69"]
[EventDate "1990.??.??"]

1. Nf3 Nf6 2. c4 c5 3. Nc3 e6 4. g3 d5 5. cxd5 exd5 6. d4 Nc6 7. Bg2 Be7 8. O-O
O-O 9. Bg5 c4 10. Ne5 Be6 11. e3 Ne8 12. Nxc6 bxc6 13. Bxe7 Qxe7 14. Qa4 Qd7
15. b3 Nd6 16. Rfc1 Rab8 17. bxc4 Nxc4 18. Rab1 Rb6 19. Rxb6 axb6 20. e4 b5 21.
Qb4 dxe4 22. Bxe4 f5 23. Bg2 f4 24. d5 fxg3 25. hxg3 Bh3 26. dxc6 Qf5 27. Bxh3
Qxh3 28. Qc5 Rf5 29. Qe7 Rf7 30. Qd8+ Rf8 31. Qd5+ Kh8 32. Re1 Qh6 33. Ne4 Qg6
34. a4 Nb6 35. Qc5 1-0

[Event "BL 8990 Dortmund-München 36"]
[Site "?"]
[Date "1990.??.??"]
[Round "?.2"]
[White "Mainka, R."]
[Black "Bastian, H."]
[Result "1/2-1/2"]
[WhiteElo "2450"]
[BlackElo "2340"]
[PlyCount "83"]
[EventDate "1990.??.??"]

1. e4 e5 2. Nf3 Nc6 3. Bb5 Nf6 4. O-O Nxe4 5. d4 Nd6 6. Bxc6 dxc6 7. dxe5 Nf5
8. Qxd8+ Kxd8 9. b3 h6 10. c4 Be6 11. Nc3 Kc8 12. h3 c5 13. Ne2 a6 14. Bb2 Be7
15. Nf4 Kd7 16. Rad1+ Ke8 17. g4 Nh4 18. Nxh4 Bxh4 19. Nd5 Bd8 20. f4 h5 21. f5
Bxd5 22. cxd5 hxg4 23. hxg4 Bg5 24. Kg2 Rd8 25. Rfe1 a5 26. Re4 Rh6 27. Bc3 b6
28. d6 cxd6 29. exd6+ Kd7 30. Be5 Re8 31. Rde1 Bf6 32. Bf4 Rxe4 33. Rxe4 g5 34.
fxg6 Rxg6 35. Kf3 Bd8 36. a4 Re6 37. Rxe6 Kxe6 38. Ke4 Bf6 39. Bg3 Bg5 40. Be5
Bh4 41. Bf4 Bf6 42. Bg3 1/2-1/2

[Event "BL 8990 Dortmund-München 36"]
[Site "?"]
[Date "1990.??.??"]
[Round "?.3"]
[White "Pichler, J."]
[Black "Keitlinghaus, L."]
[Result "1-0"]
[WhiteElo "2325"]
[BlackElo "2405"]
[PlyCount "101"]
[EventDate "1990.??.??"]

1. e4 g6 2. d4 Bg7 3. Nc3 c6 4. Bc4 e6 5. Nf3 d5 6. Bb3 Nf6 7. e5 Nfd7 8. Ne2
c5 9. c3 Nc6 10. h4 h6 11. Nf4 cxd4 12. cxd4 Nb6 13. Rh3 Bd7 14. Rg3 Bf8 15.
Bd2 Qe7 16. Rc1 O-O-O 17. a4 Kb8 18. a5 Na8 19. Nd3 Nc7 20. Ba4 Qe8 21. b3 Rc8
22. Rg4 Ka8 23. Kf1 Nb8 24. Bb4 Bxb4 25. Nxb4 Bxa4 26. bxa4 Qd7 27. Rb1 Nca6
28. Nxa6 Nxa6 29. Ne1 Rc4 30. Rf4 Rhc8 31. Qf3 R8c7 32. Qa3 Qc8 33. g3 Rc3 34.
Qb2 R3c4 35. Qa3 Qe8 36. h5 gxh5 37. Qf3 Rxa4 38. Qxh5 Rxa5 39. Qxh6 Ra3 40.
Nf3 Rac3 41. Kg2 Nb8 42. Ng5 a5 43. Qf6 a4 44. Nxf7 a3 45. Nd6 a2 46. Ra1 Qa4
47. Qd8 Rd7 48. Qe8 Qc2 49. Nb5 Rb3 50. Rxa2+ Qxa2 51. Qxb8+ 1-0

[Event "BL 8990 Dortmund-München 36"]
[Site "?"]
[Date "1990.??.??"]
[Round "?.4"]
[White "Stein, B."]
[Black "Goetz, R."]
[Result "1/2-1/2"]
[WhiteElo "2380"]
[BlackElo "2315"]
[PlyCount "63"]
[EventDate "1990.??.??"]

1. e4 c5 2. c3 e6 3. d4 d5 4. e5 Nc6 5. Nf3 Bd7 6. Be2 Nge7 7. Na3 cxd4 8. cxd4
Nf5 9. Nc2 Nb4 10. Nxb4 Bxb4+ 11. Bd2 Qb6 12. Bxb4 Qxb4+ 13. Qd2 Qxd2+ 14. Kxd2
Ne7 15. Rac1 Nc6 16. Ke3 f6 17. h4 Ke7 18. Bd3 h6 19. h5 Rhc8 20. g4 Nb4 21.
Bb1 Rxc1 22. Rxc1 Rc8 23. Rxc8 Bxc8 24. Nd2 Bd7 25. a3 Nc6 26. f4 f5 27. g5 Na5
28. b3 Be8 29. g6 Bb5 30. Bc2 Kd7 31. Bd3 Bxd3 32. Kxd3 1/2-1/2

[Event "BL 8990 Dortmund-München 36"]
[Site "?"]
[Date "1990.??.??"]
[Round "?.5"]
[White "Roese, O."]
[Black "Thesing, M."]
[Result "1-0"]
[WhiteElo "2345"]
[BlackElo "2370"]
[PlyCount "43"]
[EventDate "1990.??.??"]

1. e4 c5 2. Nf3 e6 3. d4 cxd4 4. Nxd4 a6 5. Nc3 d6 6. Bc4 b5 7. Bb3 Bb7 8. O-O
Nd7 9. f4 b4 10. Na4 Bxe4 11. f5 e5 12. Qh5 d5 13. Ne2 Ngf6 14. Qh3 Nc5 15.
Nxc5 Bxc5+ 16. Kh1 d4 17. Bg5 Be7 18. Rae1 O-O 19. Ng3 Bb7 20. Rxe5 Bd6 21. Re2
Kh8 22. Nh5 1-0

[Event "BL 8990 Dortmund-München 36"]
[Site "?"]
[Date "1990.??.??"]
[Round "?.7"]
[White "Koepf, U."]
[Black "Buecker, S."]
[Result "1-0"]
[WhiteElo "2260"]
[BlackElo "2325"]
[PlyCount "58"]
[EventDate "1990.??.??"]

1. d4 c5 2. dxc5 e6 3. c4 Bxc5 4. Nf3 Nf6 5. Nc3 Nc6 6. a3 O-O 7. b4 Be7 8. Bb2
d5 9. e3 a5 10. b5 Nb8 11. Qd4 dxc4 12. Qxc4 Nd5 13. Rd1 Qb6 14. Na4 Qd6 15. e4
Re8 16. Be2 Nd7 17. exd5 Nf6 18. O-O exd5 19. Qd4 Bf5 20. Nh4 Bc2 21. Rc1 Bxa4
22. Qxa4 Bf8 23. Nf5 Qe6 24. Bd3 Ne4 25. Ng3 f5 26. Qd4 Rad8 27. Nxe4 fxe4 28.
Be2 Rd6 29. Rc7 Be7 1-0

[Event "BL 8990 Dortmund-München 36"]
[Site "?"]
[Date "1990.??.??"]
[Round "?.8"]
[White "Buecker, P."]
[Black "Eppinger, G."]
[Result "1-0"]
[WhiteElo "2360"]
[BlackElo "2260"]
[PlyCount "53"]
[EventDate "1990.??.??"]

1. e4 c5 2. b3 e6 3. Bb2 a6 4. Nf3 b5 5. a4 b4 6. d4 Nf6 7. Bd3 Bb7 8. Nbd2 d5
9. exd5 Bxd5 10. O-O Nbd7 11. Qe2 Qb6 12. Bc4 Bb7 13. Rfe1 Be7 14. Ne5 O-O 15.
Nxd7 Nxd7 16. d5 e5 17. f4 Bd6 18. fxe5 Nxe5 19. a5 Qa7 20. Bxe5 Rae8 21. Bxd6
Rxe2 22. Rxe2 Rd8 23. Rae1 Qa8 24. Bxc5 h5 25. Bb6 Rf8 26. d6 Qc8 27. Re7 1-0

[Event "BL 8990 Solingen-Bayern"]
[Site "?"]
[Date "1990.??.??"]
[Round "?.2"]
[White "Lobron, E."]
[Black "Hjartarson, J."]
[Result "1/2-1/2"]
[WhiteElo "2585"]
[BlackElo "2555"]
[PlyCount "112"]
[EventDate "1990.??.??"]

1. d4 Nf6 2. c4 e6 3. Nc3 Bb4 4. Qc2 O-O 5. a3 Bxc3+ 6. Qxc3 b6 7. Bg5 Bb7 8.
Nh3 h6 9. Bh4 d6 10. f3 Nbd7 11. Bg3 Qe7 12. O-O-O d5 13. e3 c5 14. dxc5 Nxc5
15. Bh4 Rfc8 16. Bxf6 Qxf6 17. Qxf6 gxf6 18. Kb1 Rc7 19. cxd5 Bxd5 20. Be2 Kf8
21. Nf4 Bb3 22. Rc1 Rd7 23. Bd1 Rad8 24. Bxb3 Nxb3 25. Rc3 Nc5 26. Rhc1 f5 27.
b4 Na4 28. Rc8 b5 29. Rxd8+ Rxd8 30. Rc7 Nb6 31. Rxa7 Nc4 32. Ne2 Rd3 33. Kc1
Rxe3 34. Nd4 Nxa3 35. f4 Rd3 36. Nf3 Nc4 37. Rb7 Rd5 38. g3 Rd3 39. Ne1 Rc3+
40. Kd1 Na3 41. Ke2 Ke8 42. Nd3 Rc2+ 43. Kf3 Rxh2 44. Rb8+ Ke7 45. Rb7+ Ke8 46.
Rb8+ Ke7 47. Rb7+ Kf8 48. Ne5 Nc4 49. Rxf7+ Ke8 50. Rb7 Nd6 51. Rh7 Ne4 52. Rb7
Rh3 53. Rb8+ Ke7 54. Rb7+ Ke8 55. Rb8+ Ke7 56. Rb7+ Ke8 1/2-1/2

[Event "BL 8990 Solingen-Bayern"]
[Site "?"]
[Date "1990.??.??"]
[Round "?.3"]
[White "Kindermann, S."]
[Black "Lau, R."]
[Result "1/2-1/2"]
[WhiteElo "2530"]
[BlackElo "2470"]
[PlyCount "95"]
[EventDate "1990.??.??"]

1. e4 g6 2. d4 Bg7 3. Nc3 d6 4. f4 Nc6 5. Be3 Nf6 6. Nf3 O-O 7. e5 Ng4 8. Bg1
dxe5 9. dxe5 Qxd1+ 10. Rxd1 f6 11. exf6 exf6 12. Bc4+ Kh8 13. h3 Nh6 14. Bc5
Re8+ 15. Kf2 Bf5 16. Rd2 Na5 17. Be2 b6 18. Ba3 Rad8 19. Rhd1 Rxd2 20. Rxd2 Nf7
21. Bb4 Rd8 22. Rxd8+ Nxd8 23. Bxa5 bxa5 24. Nd4 Bd7 25. Ke3 f5 26. Bc4 Nc6 27.
Ndb5 Nb4 28. Kd2 Bh6 29. g3 g5 30. a3 gxf4 31. axb4 fxg3+ 32. Ke1 axb4 33. Ne2
f4 34. Nbd4 Bxh3 35. Ne6 Bf5 36. N2xf4 Bxc2 37. Nh5 b3 38. Nxg3 Bc1 39. Nd8
Bxb2 40. Kd2 Bg6 41. Bxb3 Be5 42. Ne2 Bd6 43. Nc6 a6 44. Ke3 Kg7 45. Bc4 Be8
46. Ned4 Kf6 47. Bxa6 h5 48. Bc8 1/2-1/2

[Event "BL 8990 Solingen-Bayern"]
[Site "?"]
[Date "1990.??.??"]
[Round "?.4"]
[White "Reeh, O."]
[Black "Hickl, J."]
[Result "1/2-1/2"]
[WhiteElo "2430"]
[BlackElo "2510"]
[PlyCount "88"]
[EventDate "1990.??.??"]

1. e4 g6 2. d4 d6 3. c4 Bg7 4. Nc3 Nf6 5. f3 a6 6. Be3 Nc6 7. Nge2 Rb8 8. Qd2
Bd7 9. Bh6 Kf8 10. h4 b5 11. g4 bxc4 12. h5 e5 13. d5 Nb4 14. Bxg7+ Kxg7 15.
Ng3 Nd3+ 16. Bxd3 cxd3 17. O-O-O h6 18. hxg6 fxg6 19. Rdg1 Ng8 20. Nd1 Qg5 21.
Ne3 Rf8 22. Rf1 Nf6 23. Kb1 Qf4 24. Rhg1 Rf7 25. Rf2 Bb5 26. b3 Kh7 27. a4 Be8
28. Qxd3 Nd7 29. Ne2 Qg5 30. Rh1 Nc5 31. Qc3 Nxe4 32. fxe4 Rxf2 33. Qxc7+ Rf7
34. Qc3 Bd7 35. Nc1 Rc8 36. Nc4 Bxa4 37. Qb4 Bb5 38. Nxd6 Rfc7 39. Nxc8 Rxc8
40. Qd6 h5 41. gxh5 Rxc1+ 42. Rxc1 Bd3+ 43. Rc2 Bxe4 44. hxg6+ Qxg6 1/2-1/2